000 00685nam a2200181Ia 4500
003 LK-CoDNM
008 010623t2009 xxu||||| |||| 00| 1 eng d
040 _aLK-CoDNM
_dLK-CoDNM
_eLK-CoDNM
041 _aeng
_asin
080 _a030.8
_bWIC
100 _aWickramasinghe,Wimal.
245 _aසවිස්තරාත්මක රක්‍ෂණ පදයෙදුම් පිළිබඳ ශ්‍රි ලාංකීය භබ්දකෝෂය
246 _aSri Lankan Dictionary of Expanded Insurance Terms(English and Sinhala)
260 _bWimal Wickramasinghe
_c2009
300 _bv,290p., 22 100: 978-955-50402-2-8 cm
650 _aInsurance Dictionary
942 _cBK
999 _c129227
_d129227